000
00337pab a2200145 454500
008
180718b2006 xxu||||| |||| 00| 0 eng d
100
_a
Sinha, Vineeta
245
_a
Problematizing received categories
260
_c
2006
300
_a
p.98-111.
362
_a
Jan
650
_a
Hinduism
773
_a
Current Sociology
909
_a
68704
999
_c
68704
_d
68704